Spanish Vocab - Statistics

General Stats
  • This quiz has been taken 7 times
  • The average score is 10 of 28
Answer Stats
Hint Answer % Correct
cambiar change
83%
preoccupacion worry
83%
largo plazo long term
67%
proponen propose
67%
autoestima self esteem
67%
mientras while
67%
Agregan add
50%
cercano around | nearby
50%
desaparecido missing
50%
Alcanzar reach
50%
suposicion assumption
33%
entorno environment
33%
asunto issue
33%
juicio judgement
33%
herramientras tools
33%
pertencen belong to
17%
quiebre break
17%
cobrar charge
17%
desoladar desolate
17%
desvirtua distort
17%
vislumbre forsee
17%
pares peers
17%
retratan portray
17%
recabada recieve | collect | gather
17%
estandares standards
17%
Tentadas tempted
17%
se ejerce to exercise | to exert | exercised | exerted
17%
Quaramoslo o no want it or not
17%
No matching quizzes found
Score Distribution
Percent of People with Each Score
Percentile by Number Answered
Your Score History
You have not taken this quiz